[Event "FRA-ch Youth U14 2018"]
[Site "Agen"]
[Date "2018.04.21"]
[Round "8"]
[White "Boyer, Mahel"]
[Black "Ciccoli, Theo"]
[Result "1-0"]
[WhiteElo "2208"]
[BlackElo "2126"]
[Annotator "NA"]
[PlyCount "135"]
[EventDate "2018.??.??"]
[EventType "swiss"]
[EventCountry "FRA"]
[SourceTitle "playchess.com"]
[Source "ChessBase"]
[SourceQuality "1"]
[TimeControl "5400+30"]

1. d4 {[%emt 0:00:00]} Nf6 {[%emt 0:00:04]} 2. c4 {[%emt 0:00:00]} c5 {[%emt 0:00:10]} 3. d5 {[%emt 0:00:00]} b5 {[%emt 0:00:11]} 4. cxb5 {[%emt 0:00:00]} a6 {[%emt 0:00:04]} 5. f3 {[%emt 0:00:00]} e6 {[%emt 0:00:49]} 6. e4 {[%emt 0:00:00]} exd5 {[%emt 0:00:19]} 7. e5 {[%emt 0:00:02]} Qe7 {[%emt 0:00:26]} 8. Qe2 {[%emt 0:00:02]} Ng8 {[%emt 0:00:27]} 9. Nc3 {[%emt 0:00:02]} Bb7 {[%emt 0:00:47]} 10. Nh3 {[%emt 0:00:02]} c4 {[%emt 0:00:49] A57: Benko/Volga Gambit} 11. Nf4 {[%emt 0:00:04]} Qc5 {[%emt 0:03:06]} 12. Nfxd5 {[%emt 0:17:25]} Bxd5 {[%emt 0:01:37]} 13. Be3 {[%emt 0:00:55]} Qb4 {[%emt 0:02:57]} 14. a3 $1 {[%emt 0:00:09]} Qa5 {[%emt 0:00:19]} 15. Bd2 $1 {[%emt 0:00:08] LiveBook: 6 Games} Be6 {[%emt 0:03:24]} 16. Nd5 {[%emt 0:00:34]} Qd8 {[%emt 0:00:17]} 17. Qxc4 {[%emt 0:00:14]} Ra7 {[%emt 0:01:21]} 18. Rc1 {[%emt 0:30:09] [#]} Be7 $2 $146 {[%emt 0:35:31]} (18... Bxd5 $11 19. Qxd5 axb5) ({Predecessor:} 18... axb5) 19. Qd4 {[%emt 0:12:24]} ({And not} 19. bxa6 Rxa6 20. Nc7+ Kf8 $11) 19... Bxd5 {[%emt 0:12:02]} 20. Qxa7 {[%emt 0:00:12]} Nh6 {[%emt 0:04:46]} 21. Bd3 {[%emt 0:20:36]} O-O {[%emt 0:06:48]} 22. Qd4 {[%emt 0:06:25]} Bb7 {[%emt 0:04:04]} 23. Qa7 {[%emt 0:00:15]} Bd5 {[%emt 0:00:37]} 24. Qd4 {[%emt 0:00:09]} Bb7 {[%emt 0:00:02]} 25. O-O {[%emt 0:00:33]} axb5 {[%emt 0:02:41]} 26. Bxh6 {[%emt 0:00:39]} ({But not} 26. Bxb5 $6 Nc6 $14) 26... gxh6 {[%emt 0:01:43]} 27. Qg4+ {[%emt 0:00:05]} Kh8 {[%emt 0:01:01]} 28. Qf5 {[%emt 0:01:56]} Qb6+ {[%emt 0:00:29]} 29. Rf2 {[%emt 0:03:19]} Qg6 {[%emt 0:00:02]} 30. Qxg6 {[%emt 0:02:25]} hxg6 {[%emt 0:00:08]} 31. Bxb5 {[%emt 0:00:05]} Nc6 {[%emt 0:01:18]} 32. f4 {[%emt 0:00:16]} g5 {[%emt 0:09:13]} 33. Rd2 {[%emt 0:00:47]} Rd8 {[%emt 0:01:18]} 34. Bxc6 {[%emt 0:03:22]} Bxc6 {[%emt 0:00:01]} 35. f5 {[%emt 0:00:02]} Be4 {[%emt 0:01:55]} (35... Ra8 $11) 36. g4 {[%emt 0:02:29]} f6 {[%emt 0:04:05]} 37. e6 {[%emt 0:01:19]} d5 {[%emt 0:00:17]} 38. Rc7 {[%emt 0:00:50]} Bd6 {[%emt 0:00:20]} 39. Rd7 {[%emt 0:00:19]} Bc5+ {[%emt 0:02:21]} 40. Kf1 {[%emt 0:00:03]} Rc8 {[%emt 0:01:05]} 41. R2xd5 {[%emt 0:01:14]} Bxd5 {[%emt 0:00:27]} 42. Rxd5 {[%emt 0:00:02]} Kg8 {[%emt 0:00:37] [#]} 43. b4 $16 {[%emt 0:00:25]} (43. a4 $1 $18) 43... Be7 {[%emt 0:00:10]} 44. Ke2 {[%emt 0:00:25]} Rc4 {[%emt 0:00:58]} 45. h3 {[%emt 0:00:20]} Rc3 {[%emt 0:00:28]} 46. Rd3 {[%emt 0:00:08]} Rc2+ {[%emt 0:00:36]} 47. Kf3 {[%emt 0:00:13]} Rc4 {[%emt 0:00:21]} 48. b5 {[%emt 0:00:39]} Ra4 {[%emt 0:00:48]} 49. b6 {[%emt 0:00:43]} Rxa3 {[%emt 0:00:43]} 50. Rxa3 {[%emt 0:00:08]} Bxa3 {[%emt 0:00:01]} 51. Ke4 {[%emt 0:00:38]} Kf8 {[%emt 0:01:23]} 52. Kd5 {[%emt 0:00:09]} Ke7 {[%emt 0:00:04]} 53. Kc6 {[%emt 0:00:28]} Bd6 {[%emt 0:00:20]} 54. Kb7 {[%emt 0:00:11]} Bc5 {[%emt 0:00:39]} 55. Kc7 {[%emt 0:00:10]} Bd6+ {[%emt 0:00:54]} 56. Kc8 {[%emt 0:00:03]} Bc5 {[%emt 0:00:31]} 57. b7 {[%emt 0:00:01]} Bd6 {[%emt 0:00:15]} 58. b8=Q {[%emt 0:00:07]} Bxb8 {[%emt 0:00:01]} 59. Kxb8 {[%emt 0:00:02]} Kd8 {[%emt 0:00:03]} 60. Kb7 {[%emt 0:00:11]} Ke8 {[%emt 0:00:57]} 61. Kc8 {[%emt 0:00:22]} Ke7 {[%emt 0:00:02]} 62. Kc7 {[%emt 0:00:04]} Ke8 {[%emt 0:00:03]} 63. Kd6 {[%emt 0:00:10]} Kd8 {[%emt 0:00:04]} 64. e7+ {[%emt 0:00:04]} Ke8 {[%emt 0:00:03]} 65. Ke6 {[%emt 0:00:03]} h5 {[%emt 0:00:11]} 66. gxh5 {[%emt 0:00:08]} g4 {[%emt 0:00:01]} 67. h6 {[%emt 0:00:01]} gxh3 {[%emt 0:00:15]} 68. h7 {[%emt 0:00:04]} 1-0

[Event "FRA-ch Youth U14 2018"]
[Site "Agen"]
[Date "2018.04.21"]
[Round "8"]
[White "Lary, Damien"]
[Black "Bassini, Emile"]
[Result "0-1"]
[WhiteElo "2072"]
[BlackElo "2021"]
[Annotator "NA"]
[PlyCount "120"]
[EventDate "2018.??.??"]
[EventType "swiss"]
[EventCountry "FRA"]
[SourceTitle "playchess.com"]
[Source "ChessBase"]
[SourceQuality "1"]
[TimeControl "5400+30"]

1. e4 {[%emt 0:00:00]} c5 {[%emt 0:00:03]} 2. Nf3 {[%emt 0:00:00]} d6 {[%emt 0:00:03]} 3. d4 {[%emt 0:00:00]} cxd4 {[%emt 0:00:03]} 4. Nxd4 {[%emt 0:00:02]} Nf6 {[%emt 0:00:04]} 5. Nc3 {[%emt 0:00:05]} a6 {[%emt 0:00:01]} 6. Be3 {[%emt 0:00:13]} Ng4 {[%emt 0:00:04]} 7. Bg5 {[%emt 0:01:22]} h6 {[%emt 0:00:03]} 8. Bc1 {[%emt 0:01:09] B90: Sicilian Najdorf: Unusual White 6th moves, 6 Be3 Ng4 and 6 Be3 e5} Nf6 {[%emt 0:00:40]} 9. Bd3 {[%emt 0:03:06]} e5 {[%emt 0:04:16]} 10. Nde2 {[%emt 0:01:00]} Nc6 $146 {[%emt 0:01:14]} ({Find the theoretical novelty and annotate with similar games:} 10... Be7 11. O-O O-O 12. Ng3 Nbd7 13. a4 Nc5 14. Be2 Be6 15. Bf3 Rc8 {½-½ (66) Grischuk,A (2750)-Vachier Lagrave,M (2795) Moscow 2017}) 11. O-O {[%emt 0:00:50]} Be7 {[%emt 0:00:43]} 12. Ng3 {[%emt 0:02:10]} Bg4 {[%emt 0:05:56]} 13. f3 {[%emt 0:07:44]} Be6 {[%emt 0:00:13]} 14. Be3 {[%emt 0:00:45]} h5 {[%emt 0:00:36]} 15. Rf2 {[%emt 0:05:54]} h4 {[%emt 0:00:34]} 16. Nf1 {[%emt 0:00:16]} Rc8 {[%emt 0:09:35]} 17. Rd2 {[%emt 0:02:16]} g6 {[%emt 0:12:38]} 18. Bf2 {[%emt 0:07:45]} Nh5 {[%emt 0:02:03]} 19. Ne3 {[%emt 0:01:52]} Bg5 {[%emt 0:00:45]} 20. Bf1 {[%emt 0:01:47]} Nd4 {[%emt 0:02:56]} 21. Ne2 {[%emt 0:04:10]} Nxe2+ {[%emt 0:00:04]} 22. Bxe2 {[%emt 0:00:06]} Rc6 {[%emt 0:00:03]} 23. b4 {[%emt 0:00:06]} Bf4 {[%emt 0:17:30]} 24. b5 {[%emt 0:26:48]} Rb6 {[%emt 0:03:28]} 25. Nd5 {[%emt 0:07:42]} Bxd2 {[%emt 0:00:30]} 26. Bxb6 {[%emt 0:08:46]} Qg5 {[%emt 0:01:01]} 27. f4 {[%emt 0:00:06]} Bxf4 {[%emt 0:02:34]} 28. Bxh5 {[%emt 0:05:00]} Bxd5 {[%emt 0:06:43]} 29. Bg4 {[%emt 0:02:10]} Be3+ {[%emt 0:01:35]} 30. Bxe3 {[%emt 0:00:09]} Qxe3+ {[%emt 0:00:03]} 31. Kh1 {[%emt 0:00:05]} Bxe4 {[%emt 0:01:43]} 32. Qxd6 {[%emt 0:01:08]} Bxg2+ {[%emt 0:06:43]} 33. Kxg2 {[%emt 0:00:02]} h3+ {[%emt 0:00:02]} 34. Kf1 {[%emt 0:00:11]} Qf4+ {[%emt 0:00:06]} 35. Ke1 {[%emt 0:00:11]} Qxg4 {[%emt 0:00:12]} 36. Qxe5+ {[%emt 0:06:41]} Qe6 {[%emt 0:00:02]} 37. Qxe6+ {[%emt 0:00:06]} fxe6 {[%emt 0:00:01]} 38. bxa6 {[%emt 0:00:06]} bxa6 {[%emt 0:00:10]} 39. Kf2 {[%emt 0:00:04]} Ke7 {[%emt 0:01:54]} 40. c4 {[%emt 0:00:47]} Rh4 {[%emt 0:00:58]} 41. Kg3 {[%emt 0:02:37]} Rxc4 {[%emt 0:00:06]} 42. Kxh3 {[%emt 0:00:03]} Ra4 {[%emt 0:02:55]} 43. Kg3 {[%emt 0:01:27]} e5 {[%emt 0:00:34]} 44. Re1 {[%emt 0:01:24]} Ke6 {[%emt 0:03:10]} 45. Re2 {[%emt 0:00:04]} a5 {[%emt 0:00:09]} 46. Kf2 {[%emt 0:02:46]} Kf5 {[%emt 0:00:11]} 47. Rc2 $19 {[%emt 0:01:28]} g5 {[%emt 0:01:17]} 48. Kg2 {[%emt 0:00:21]} Ra3 {[%emt 0:00:15]} 49. Kf2 {[%emt 0:00:18]} a4 {[%emt 0:00:23]} 50. Kg2 {[%emt 0:00:15]} e4 {[%emt 0:00:10]} 51. Rf2+ {[%emt 0:01:03]} Ke5 {[%emt 0:00:56]} 52. Re2 {[%emt 0:00:38]} g4 {[%emt 0:00:33]} 53. Kf2 {[%emt 0:00:20]} Kd4 {[%emt 0:02:35]} 54. Rd2+ {[%emt 0:00:21]} Rd3 {[%emt 0:00:15]} 55. Rb2 {[%emt 0:00:23]} a3 {[%emt 0:00:15]} 56. Rb4+ {[%emt 0:01:01]} Ke5 {[%emt 0:00:06]} 57. Ke2 {[%emt 0:00:34]} Rh3 {[%emt 0:00:08]} 58. Rb5+ {[%emt 0:00:12]} Kf4 {[%emt 0:00:12]} 59. Rb8 {[%emt 0:00:46]} Rxh2+ {[%emt 0:00:06]} 60. Kf1 {[%emt 0:00:05]} Rxa2 {[%emt 0:00:14]} 0-1

[Event "FRA-ch Youth U14 2018"]
[Site "Agen"]
[Date "2018.04.21"]
[Round "8"]
[White "Papadiamandis, Elliot"]
[Black "Popov, Konstantin"]
[Result "0-1"]
[WhiteElo "2016"]
[BlackElo "2150"]
[Annotator "NA"]
[PlyCount "112"]
[EventDate "2018.??.??"]
[EventType "swiss"]
[EventCountry "FRA"]
[SourceTitle "playchess.com"]
[Source "ChessBase"]
[SourceQuality "1"]
[TimeControl "5400+30"]

1. e4 {[%emt 0:00:00]} c5 {[%emt 0:00:10]} 2. Nf3 {[%emt 0:00:00]} e6 {[%emt 0:00:32]} 3. d4 {[%emt 0:00:00]} cxd4 {[%emt 0:00:11]} 4. Nxd4 {[%emt 0:00:07]} a6 {[%emt 0:00:32]} 5. Nc3 {[%emt 0:00:18]} Qc7 {[%emt 0:00:43]} 6. Bd3 {[%emt 0:00:29]} Nc6 {[%emt 0:01:04]} 7. Nxc6 {[%emt 0:00:23]} dxc6 {[%emt 0:00:51]} 8. O-O {[%emt 0:01:07]} e5 {[%emt 0:01:22]} 9. f4 {[%emt 0:07:43]} Nf6 {[%emt 0:04:08]} 10. Kh1 {[%emt 0:02:07]} Be7 {[%emt 0:01:16] B43: Sicilian: Kan Variation: 5 Nc3} (10... Bd6 11. f5 b5 12. a4 Bb7 13. Be3 h5 14. axb5 axb5 15. Rxa8+ Bxa8 16. Bxb5 Bb4 17. Nd5 Nxd5 18. Qxd5 {1-0 (33) Najer,E (2682)-Artemiev,V (2682) Sochi 2017}) 11. f5 {[%emt 0:03:01]} b5 {[%emt 0:03:51]} 12. Qf3 {[%emt 0:01:17]} Bb7 {[%emt 0:12:18]} 13. a4 {[%emt 0:03:40]} h5 $146 {[%emt 0:20:10]} ({Predecessor:} 13... h6 14. b3 Bc5 15. Ne2 Qe7 16. Qg3 Kf8 17. Bb2 Re8 18. Qf3 {1-0 (44) Papp,G (2190)-Lehoczki,V (2180) Hungary 1998}) 14. b3 {[%emt 0:08:23]} h4 {[%emt 0:00:00]} 15. Nd1 {[%emt 0:03:20]} Rd8 {[%emt 0:08:29]} 16. Nf2 {[%emt 0:05:03]} Bc5 {[%emt 0:03:34]} 17. Ng4 {[%emt 0:09:06]} Bd4 {[%emt 0:06:21]} 18. Ra2 {[%emt 0:01:23]} Qb6 {[%emt 0:02:12]} 19. Nxf6+ {[%emt 0:05:15]} gxf6 {[%emt 0:00:07]} 20. Bd2 {[%emt 0:01:36]} Qc5 {[%emt 0:09:58]} 21. axb5 {[%emt 0:01:58]} axb5 {[%emt 0:00:52]} 22. b4 {[%emt 0:05:15]} Qd6 {[%emt 0:00:36]} 23. Rd1 {[%emt 0:04:34]} Ke7 {[%emt 0:02:49]} 24. c3 {[%emt 0:01:30]} Bb6 {[%emt 0:00:33]} 25. Be3 {[%emt 0:02:11]} c5 {[%emt 0:06:03]} 26. Bc2 {[%emt 0:01:34]} Qc6 {[%emt 0:02:42]} 27. Rda1 {[%emt 0:02:42]} cxb4 {[%emt 0:01:51]} 28. cxb4 {[%emt 0:00:31]} Ra8 {[%emt 0:00:39]} 29. Bxb6 {[%emt 0:02:23]} Rxa2 {[%emt 0:00:38]} 30. Rxa2 {[%emt 0:00:07]} Qxb6 {[%emt 0:00:06]} 31. Bd3 {[%emt 0:06:06]} Rc8 {[%emt 0:01:50]} 32. Ra1 {[%emt 0:07:48]} Qd4 {[%emt 0:00:48]} 33. Rd1 {[%emt 0:00:10]} Qxb4 {[%emt 0:01:10]} 34. Qf2 {[%emt 0:00:26]} Bxe4 {[%emt 0:01:20]} 35. Bxe4 {[%emt 0:00:13]} Qxe4 {[%emt 0:00:11]} 36. Qb6 {[%emt 0:00:09]} Qc6 {[%emt 0:01:28]} 37. Qa7+ {[%emt 0:02:09]} Ke8 {[%emt 0:00:48]} 38. h3 {[%emt 0:01:49]} Ra8 {[%emt 0:00:16]} 39. Qf2 {[%emt 0:00:00]} Ra4 {[%emt 0:00:35]} 40. Qe3 {[%emt 0:01:25]} Ra2 {[%emt 0:00:16]} 41. Rg1 {[%emt 0:00:31]} Ke7 {[%emt 0:01:15]} 42. Qb3 {[%emt 0:00:33]} Rc2 {[%emt 0:00:30]} 43. Qb4+ {[%emt 0:00:05]} Qc5 $19 {[%emt 0:00:16]} 44. Qe4 {[%emt 0:03:22]} Rc1 {[%emt 0:00:14]} 45. Qb7+ {[%emt 0:00:04]} Kf8 {[%emt 0:00:11]} 46. Rxc1 {[%emt 0:00:10]} Qxc1+ {[%emt 0:00:05]} 47. Kh2 {[%emt 0:00:04]} Qc4 {[%emt 0:00:13]} 48. Qb8+ {[%emt 0:00:35]} Kg7 {[%emt 0:00:05]} 49. Qd6 {[%emt 0:00:17]} b4 {[%emt 0:00:05]} 50. Qd1 {[%emt 0:00:16]} b3 {[%emt 0:00:08]} 51. Qb1 {[%emt 0:00:21]} Qc3 {[%emt 0:00:09]} 52. Qd1 {[%emt 0:00:09]} b2 {[%emt 0:00:24]} 53. Qg4+ {[%emt 0:00:23]} Kf8 {[%emt 0:00:07]} 54. Qe4 {[%emt 0:00:16]} Qd4 {[%emt 0:00:06]} 55. Qa8+ {[%emt 0:00:19]} Kg7 {[%emt 0:00:05]} 56. Qb7 {[%emt 0:00:23]} Qf4+ {[%emt 0:00:05]} 0-1

[Event "FRA-ch Youth U14 2018"]
[Site "Agen"]
[Date "2018.04.21"]
[Round "8"]
[White "Girel, Joseph"]
[Black "Bacrot, Alexandre"]
[Result "0-1"]
[WhiteElo "1969"]
[BlackElo "2180"]
[Annotator "NA"]
[PlyCount "174"]
[EventDate "2018.??.??"]
[EventType "swiss"]
[EventCountry "FRA"]
[SourceTitle "playchess.com"]
[Source "ChessBase"]
[SourceQuality "1"]
[TimeControl "5400+30"]

1. d4 {[%emt 0:00:00]} d5 {[%emt 0:00:03]} 2. c4 {[%emt 0:00:01]} c6 {[%emt 0:00:01]} 3. Nf3 {[%emt 0:00:37]} Nf6 {[%emt 0:00:05]} 4. Nc3 {[%emt 0:00:36]} e6 {[%emt 0:00:14]} 5. Bg5 {[%emt 0:00:58]} h6 {[%emt 0:00:08]} 6. Bxf6 {[%emt 0:02:25]} Qxf6 {[%emt 0:00:01]} 7. e3 {[%emt 0:00:45]} Nd7 {[%emt 0:05:33]} 8. cxd5 {[%emt 0:02:48]} exd5 {[%emt 0:00:23]} 9. Bd3 {[%emt 0:00:30]} Bb4 {[%emt 0:05:20] LiveBook: 3 Games D43: Semi-Slav: 5 Bg5 h6} (9... Qd8 10. O-O Nf6 11. Rb1 a5 12. a3 Bd6 13. b4 O-O 14. h3 Qe7 15. Qb3 Ne4 16. b5 Ng5 17. Nxg5 Qxg5 {½-½ (64) Telljohann,S (2407)-Kunin,V (2527) Korbach 2013}) 10. Qc2 {[%emt 0:02:01]} O-O {[%emt 0:00:50]} 11. O-O {[%emt 0:01:50]} Qe7 {[%emt 0:13:28]} 12. a3 {[%emt 0:02:48]} Bd6 {[%emt 0:00:24]} 13. Rae1 $146 {[%emt 0:07:14]} ({Find the theoretical novelty and annotate with similar games:} 13. e4 dxe4 14. Nxe4 Nf6 15. Rfe1 Nxe4 16. Bxe4 {½-½ (39) Gelas,C (2149)-Giroyan,G (2364) Nimes 2012}) 13... Nf6 {[%emt 0:00:12]} 14. Bf5 {[%emt 0:06:49]} Bxf5 {[%emt 0:00:23]} 15. Qxf5 {[%emt 0:00:35]} Rae8 {[%emt 0:00:01]} 16. Nd2 {[%emt 0:02:23]} g6 {[%emt 0:04:48]} 17. Qf3 {[%emt 0:03:14]} Ne4 {[%emt 0:01:00]} 18. Ncxe4 {[%emt 0:02:17]} dxe4 {[%emt 0:01:01]} 19. Qh3 {[%emt 0:01:21]} Kg7 {[%emt 0:00:15]} 20. f3 {[%emt 0:01:20]} exf3 {[%emt 0:02:08]} 21. Qxf3 {[%emt 0:01:54]} f5 {[%emt 0:00:39]} 22. Nc4 {[%emt 0:12:07]} Bc7 {[%emt 0:04:26]} 23. Rf2 {[%emt 0:05:08]} Qd7 {[%emt 0:02:15]} 24. Rd1 {[%emt 0:04:05]} Re4 {[%emt 0:12:50]} 25. Nd2 {[%emt 0:03:07]} Re6 {[%emt 0:03:22]} 26. Nf1 {[%emt 0:01:07]} Qe7 {[%emt 0:09:52]} 27. g3 {[%emt 0:04:47]} Bb6 {[%emt 0:03:03]} 28. Kg2 {[%emt 0:01:13]} Re4 {[%emt 0:05:19]} 29. Rfd2 {[%emt 0:01:19]} Rd8 {[%emt 0:01:34]} 30. Rd3 {[%emt 0:00:55]} h5 {[%emt 0:04:54]} 31. d5 {[%emt 0:04:53]} cxd5 {[%emt 0:02:41]} 32. Rxd5 {[%emt 0:00:09]} Rxd5 {[%emt 0:00:05]} 33. Rxd5 {[%emt 0:00:04]} Bxe3 {[%emt 0:01:18]} 34. Nxe3 {[%emt 0:01:11]} Rxe3 {[%emt 0:00:07]} 35. Rd7 {[%emt 0:00:04]} Qxd7 {[%emt 0:00:06]} 36. Qxe3 {[%emt 0:00:06]} b6 {[%emt 0:03:55]} 37. Qe5+ {[%emt 0:01:34]} Kh7 {[%emt 0:00:16]} 38. h4 {[%emt 0:02:20]} Qg7 {[%emt 0:01:26]} 39. Qe2 {[%emt 0:01:14]} Qb7+ {[%emt 0:00:12]} 40. Kh2 {[%emt 0:00:30]} Qc7 {[%emt 0:00:06]} 41. Qd2 {[%emt 0:00:26]} Qe7 {[%emt 0:01:52]} 42. Kh3 {[%emt 0:01:20]} g5 {[%emt 0:04:56]} 43. hxg5 {[%emt 0:02:18]} Kg6 {[%emt 0:00:06]} 44. Qd5 {[%emt 0:01:04]} Kxg5 {[%emt 0:00:24]} 45. Qg8+ {[%emt 0:00:25]} Kh6 {[%emt 0:03:21]} 46. Qh8+ {[%emt 0:00:17]} Kg6 {[%emt 0:00:15]} 47. Qg8+ {[%emt 0:00:15]} Qg7 {[%emt 0:00:48]} 48. Qe8+ {[%emt 0:01:59]} Qf7 {[%emt 0:01:55]} 49. Qc6+ {[%emt 0:02:05]} Qf6 {[%emt 0:00:14]} 50. Qe8+ {[%emt 0:00:12]} Kh6 {[%emt 0:00:21]} 51. Qe3+ {[%emt 0:00:20]} Kh7 {[%emt 0:00:15]} 52. Qe8 {[%emt 0:00:31]} Kh6 {[%emt 0:01:37]} 53. Qe3+ {[%emt 0:00:11]} Kg7 {[%emt 0:00:01]} 54. Qe2 {[%emt 0:01:26]} Qc6 {[%emt 0:02:17]} 55. Kh2 {[%emt 0:01:13]} Kg6 {[%emt 0:00:38]} 56. Qd2 {[%emt 0:01:08]} Qc7 {[%emt 0:01:03]} 57. Kh3 {[%emt 0:00:56]} Qe5 $15 {[%emt 0:02:05]} 58. b4 {[%emt 0:02:48]} Qe6 {[%emt 0:00:21]} 59. Kh2 {[%emt 0:00:59]} Qe5 {[%emt 0:00:50]} 60. Kh3 {[%emt 0:01:10]} Qe6 {[%emt 0:00:37]} 61. Kh2 {[%emt 0:00:01]} a6 {[%emt 0:00:12]} 62. Qd3 {[%emt 0:01:33]} b5 {[%emt 0:00:15]} 63. Qd8 {[%emt 0:01:39]} Qe2+ {[%emt 0:00:22]} 64. Kh3 {[%emt 0:00:37]} Qf1+ {[%emt 0:00:32]} 65. Kh2 {[%emt 0:00:05]} Qf2+ {[%emt 0:00:06]} 66. Kh3 {[%emt 0:00:03]} Qf1+ {[%emt 0:00:14]} 67. Kh2 {[%emt 0:00:04]} Qe2+ {[%emt 0:00:25]} 68. Kh3 {[%emt 0:00:30]} Qe6 {[%emt 0:00:04]} 69. Kh2 {[%emt 0:00:16]} f4 {[%emt 0:02:22]} 70. gxf4 {[%emt 0:01:51]} Qe2+ {[%emt 0:00:07]} 71. Kg1 {[%emt 0:00:43]} Qg4+ {[%emt 0:00:05]} 72. Kh1 {[%emt 0:00:13]} Qh3+ {[%emt 0:00:22]} 73. Kg1 {[%emt 0:00:05]} Qg3+ {[%emt 0:00:02]} 74. Kh1 {[%emt 0:00:07]} Qxf4 {[%emt 0:00:23]} 75. Qd3+ {[%emt 0:02:47]} Kg5 {[%emt 0:01:15]} 76. Kg2 {[%emt 0:00:39]} Qg4+ {[%emt 0:00:50]} 77. Kh2 {[%emt 0:00:09]} Qh4+ {[%emt 0:00:13]} 78. Kg2 {[%emt 0:00:05]} Qg4+ {[%emt 0:00:12]} 79. Kh2 {[%emt 0:00:05]} Kf4 {[%emt 0:01:18]} 80. Qf1+ {[%emt 0:05:13]} Ke3 {[%emt 0:00:38]} 81. Qc1+ {[%emt 0:00:09]} Kd3 {[%emt 0:00:16]} 82. Qc6 {[%emt 0:00:56]} Qh4+ {[%emt 0:01:42]} 83. Kg2 {[%emt 0:00:09]} Qe4+ {[%emt 0:00:05]} 84. Kh2 Qh4+ 85. Kg1 Qe1+ 86. Kh2 Qf2+ 87. Kh3 Ke2 0-1

[Event "FRA-ch Youth U14 2018"]
[Site "Agen"]
[Date "2018.04.21"]
[Round "8"]
[White "Randrianarimanana, Alicia"]
[Black "Kuhn, Mathilde"]
[Result "1-0"]
[WhiteElo "1872"]
[BlackElo "1742"]
[Annotator "NA"]
[PlyCount "85"]
[EventDate "2018.??.??"]
[EventType "swiss"]
[EventCountry "FRA"]
[SourceTitle "playchess.com"]
[Source "ChessBase"]
[SourceQuality "1"]
[TimeControl "5400+30"]

1. d4 {[%emt 0:00:00]} Nf6 {[%emt 0:00:10]} 2. c4 {[%emt 0:00:00]} g6 {[%emt 0:00:08]} 3. Nc3 {[%emt 0:00:00]} Bg7 {[%emt 0:00:10]} 4. e4 {[%emt 0:00:00]} d6 {[%emt 0:00:20]} 5. Nf3 {[%emt 0:00:06]} O-O {[%emt 0:00:32]} 6. Be2 {[%emt 0:00:03]} Nbd7 {[%emt 0:00:43]} 7. O-O {[%emt 0:00:19]} e5 {[%emt 0:00:57]} 8. d5 {[%emt 0:00:05]} Nc5 {[%emt 0:00:58]} 9. Qc2 {[%emt 0:00:06]} a5 {[%emt 0:01:38]} 10. Ne1 {[%emt 0:03:01]} Ne8 {[%emt 0:05:38]} 11. Be3 {[%emt 0:00:10]} f5 {[%emt 0:02:47]} 12. f3 {[%emt 0:00:06] E94: King's Indian: Classical: 6 Be2 e5 7 0-0: Various Black 7th moves} f4 {[%emt 0:02:22]} 13. Bf2 {[%emt 0:00:01]} g5 {[%emt 0:02:59]} 14. a3 {[%emt 0:00:49]} h5 $146 {[%emt 0:05:26]} ({Predecessor:} 14... Rf6 15. Bxc5 dxc5 16. Nd3 Qe7 17. b4 axb4 18. axb4 Rxa1 19. Rxa1 cxb4 {½-½ (80) Gorozhankina,J (2129)-Biryukov,D (2332) Moscow 2012}) 15. Qd1 {[%emt 0:01:04]} Nf6 {[%emt 0:05:03]} 16. b4 {[%emt 0:00:11]} axb4 {[%emt 0:02:37]} 17. axb4 {[%emt 0:00:01]} Rxa1 {[%emt 0:00:23]} 18. Qxa1 {[%emt 0:00:00]} Na6 {[%emt 0:06:12]} 19. Nd3 {[%emt 0:00:10]} g4 {[%emt 0:02:55]} 20. c5 {[%emt 0:03:06]} Nh7 {[%emt 0:07:05]} 21. c6 {[%emt 0:27:46]} bxc6 {[%emt 0:07:04]} (21... b6 $16 {might work better.} 22. Ne1 Nxb4) 22. dxc6 {[%emt 0:00:07]} Nb8 {[%emt 0:00:43]} ({Better is} 22... gxf3 $18 23. Bxf3 Ng5) 23. b5 {[%emt 0:00:05]} Qg5 {[%emt 0:03:07]} 24. Qe1 {[%emt 0:03:48]} Bf6 {[%emt 0:09:51]} 25. Nd5 {[%emt 0:10:25]} Bd8 {[%emt 0:08:02]} 26. Qc1 {[%emt 0:14:12]} Kh8 {[%emt 0:01:43]} 27. Qe1 {[%emt 0:21:46]} Rg8 {[%emt 0:00:24]} 28. fxg4 {[%emt 0:01:42]} hxg4 {[%emt 0:00:32]} 29. g3 {[%emt 0:00:18]} f3 {[%emt 0:01:48]} 30. Bd1 {[%emt 0:00:10]} Qh5 {[%emt 0:01:30]} 31. Be3 {[%emt 0:01:51]} Rg6 {[%emt 0:02:11]} 32. Rf2 {[%emt 0:02:52]} Bg5 {[%emt 0:02:35]} 33. Nxc7 Rh6 {[%emt 0:00:53]} 34. Nd5 {[%emt 0:05:38]} Be6 $18 {[%emt 0:01:26]} 35. c7 {[%emt 0:00:48]} Qe8 {[%emt 0:01:08]} 36. cxb8=Q {[%emt 0:00:28]} Qxb8 {[%emt 0:00:06]} 37. Rb2 {[%emt 0:01:02]} Bxd5 {[%emt 0:00:48]} 38. exd5 {[%emt 0:00:03]} Qb7 {[%emt 0:01:51]} 39. Bxg5 {[%emt 0:01:53]} Nxg5 {[%emt 0:00:15]} 40. Qe3 {[%emt 0:00:12]} f2+ {[%emt 0:08:46]} 41. Nxf2 {[%emt 0:00:21]} Qg7 {[%emt 0:01:09]} 42. Bxg4 {[%emt 0:00:49]} e4 {[%emt 0:00:12]} 43. Rb1 {[%emt 0:00:21]} 1-0

[Event "FRA-ch Youth U14 2018"]
[Site "Agen"]
[Date "2018.04.21"]
[Round "8"]
[White "Bellahcene, Sofia"]
[Black "Nguyen, Thao Nhi"]
[Result "1-0"]
[WhiteElo "1701"]
[BlackElo "1861"]
[Annotator "NA"]
[PlyCount "57"]
[EventDate "2018.??.??"]
[EventType "swiss"]
[EventCountry "FRA"]
[SourceTitle "playchess.com"]
[Source "ChessBase"]
[SourceQuality "1"]
[TimeControl "5400+30"]

1. e4 {[%emt 0:00:00]} Nf6 {[%emt 0:00:04]} 2. e5 {[%emt 0:00:05]} Nd5 {[%emt 0:00:06]} 3. c4 {[%emt 0:00:15]} Nb6 {[%emt 0:00:17]} 4. c5 {[%emt 0:00:25]} Nd5 {[%emt 0:00:35]} 5. Nc3 {[%emt 0:00:27]} Nxc3 {[%emt 0:01:05]} 6. dxc3 {[%emt 0:00:15]} d6 {[%emt 0:00:36]} 7. Nf3 {[%emt 0:00:53] B02: Alekhine's Defence: Chase Variation and lines with early Nc3} Nc6 {[%emt 0:06:25]} 8. Bb5 {[%emt 0:00:29]} Bd7 {[%emt 0:02:09]} 9. Qe2 $146 {[%emt 0:10:50]} ({Predecessor:} 9. cxd6 exd6 10. exd6 Bxd6 11. O-O O-O 12. Bg5 Qc8 13. Re1 a6 14. Ba4 Bg4 15. Qd3 {½-½ (15) Letreguilly,O (2274)-Guadalpi,D (2317) Port Barcares 2005}) 9... dxe5 {[%emt 0:11:57]} 10. O-O {[%emt 0:04:14]} e6 {[%emt 0:02:18]} 11. Rd1 Bxc5 {[%emt 0:08:33]} 12. Bxc6 {[%emt 0:07:58]} bxc6 {[%emt 0:02:47]} 13. Qxe5 {[%emt 0:00:58]} Qe7 {[%emt 0:12:12]} 14. Qxg7 {[%emt 0:02:45]} O-O-O {[%emt 0:10:07]} 15. Bg5 {[%emt 0:02:43]} Qf8 {[%emt 0:01:18]} 16. Qxf8 {[%emt 0:02:15]} Rdxf8 {[%emt 0:00:32]} 17. Bf6 {[%emt 0:01:00]} Rhg8 {[%emt 0:00:17]} 18. Ne5 {[%emt 0:02:24]} Bd6 {[%emt 0:03:07]} 19. Nc4 {[%emt 0:01:25]} Bf4 $16 {[%emt 0:02:30]} 20. Rd4 {[%emt 0:06:28]} Bg5 {[%emt 0:04:02]} 21. Bxg5 {[%emt 0:01:37]} Rxg5 {[%emt 0:00:06]} 22. Rad1 {[%emt 0:00:10]} Be8 {[%emt 0:02:06]} 23. Rd8+ {[%emt 0:02:17]} Kb7 24. b4 {[%emt 0:00:29]} Rfg8 {[%emt 0:03:17]} 25. g3 {[%emt 0:01:18]} Rd5 {[%emt 0:02:47]} 26. Na5+ {[%emt 0:02:34]} Kb6 {[%emt 0:01:19]} 27. Rb8+ {[%emt 0:06:47]} Ka6 {[%emt 0:00:45]} 28. Rxd5 {[%emt 0:00:16]} cxd5 {[%emt 0:00:38]} 29. Nb3 {[%emt 0:00:08]} 1-0